Queens Park Rangers Biggest Transfers - Statistics

General Stats
  • This quiz has been taken 21 times
    3 since last reset
  • The average score is 75 of 107
Answer Stats
% Correct
Arrivals Morocco AM 21 Adel Taarabt 10/11 Tottenham Hotspur €1.20m
100%
Arrivals Argentina CM 22 Alejandro Faurlín 09/10 Instituto €4.00m
100%
Departures Argentina CM 26 Alejandro Faurlín 12/13 Palermo €1.00m
100%
Arrivals England GK 25 Alex Smithies 15/16 Huddersfield Town €2.10m
100%
Departures England GK 28 Alex Smithies 18/19 Cardiff City €4.00m
100%
Arrivals England CB 26 Anton Ferdinand 11/12 Sunderland €1.13m
100%
Arrivals Senegal LB 21 Armand Traoré 11/12 Arsenal €1.35m
100%
Arrivals England ST 31 Bobby Zamora 11/12 Fulham €5.80m
100%
Arrivals England ST 24 Charlie Austin 13/14 Burnley €4.65m
100%
Departures England ST 26 Charlie Austin 15/16 Southampton €5.20m
100%
Arrivals Congo CB 28 Christopher Samba 12/13 Anzhi Makhachkala €15.00m
100%
Departures Congo CB 29 Christopher Samba 13/14 Anzhi Makhachkala €11.60m
100%
Arrivals Northern Ireland ST 23 Conor Washington 15/16 Peterborough United €3.30m
100%
Arrivals Antigua & Barbuda ST 20 Dexter Blackstock 06/07 Southampton €1.10m
100%
Departures Antigua & Barbuda ST 23 Dexter Blackstock 09/10 Nottingham Forest €1.80m
100%
Arrivals England ST 29 DJ Campbell 11/12 Blackpool €2.00m
100%
Arrivals France ST 30 Djibril Cissé 11/12 Lazio €5.00m
100%
Departures France ST 31 Djibril Cissé 12/13 Al-Gharafa €2.00m
100%
Arrivals Chile RW 24 Eduardo Vargas 14/15 Napoli €1.40m
100%
Arrivals Spain CM 25 Esteban Granero 12/13 Real Madrid €8.00m
100%
Departures Spain CM 27 Esteban Granero 14/15 Real Sociedad €4.00m
100%
Arrivals England LB 23 Jake Bidwell 16/17 Brentford €1.60m
100%
Arrivals England CM 22 Jordon Mutch 14/15 Cardiff City €7.57m
100%
Departures England CM 23 Jordon Mutch 14/15 Crystal Palace €6.34m
100%
Arrivals Canada LW 22 Junior Hoilett 12/13 Blackburn Rovers €3.75m
100%
Arrivals Japan LW 24 Kōki Saitō 25/56 Lommel €3.20m
100%
Arrivals England LM 26 Lee Cook 08/09 Fulham €1.28m
100%
Departures England LM 24 Lee Cook 07/08 Fulham €3.75m
100%
Arrivals Netherlands CM 24 Leroy Fer 14/15 Norwich City €10.00m
100%
Departures Netherlands CM 26 Leroy Fer 16/17 Swansea City €5.60m
100%
Arrivals France ST 26 Loïc Rémy 12/13 Marseille €10.50m
100%
Departures France ST 27 Loïc Rémy 14/15 Chelsea €13.20m
100%
Departures France ST 26 Loïc Rémy 13/14 Newcastle United €2.30m
100%
Arrivals England RB 32 Luke Young 11/12 Aston Villa €1.13m
100%
Arrivals Scotland ST 24 Lyndon Dykes 20/21 Livingston €2.20m
100%
Departures Scotland ST 28 Lyndon Dykes 24/25 Birmingham City €1.20m
100%
Arrivals Australia DM 22 Massimo Luongo 15/16 Swindon Town €4.28m
100%
Departures Australia DM 26 Massimo Luongo 19/20 Sheffield Wednesday €1.10m
100%
Arrivals Scotland RW 22 Matt Phillips 13/14 Blackpool €5.80m
100%
Departures Scotland RW 25 Matt Phillips 16/17 West Bromwich Albion €6.50m
100%
Arrivals England CB 25 Nedum Onuoha 11/12 Manchester City €4.70m
100%
Arrivals Ireland GK 32 Paddy Kenny 10/11 Sheffield United €1.10m
100%
Arrivals South Korea CM 31 Park Ji-sung 12/13 Manchester United €3.10m
100%
Arrivals Ivory Coast ST 22 Richard Kone 25/56 Wycombe Wanderers €3.20m
100%
Arrivals Jamaica ST 24 Rumarn Burrell 25/26 Burton Albion €1.15m
100%
Arrivals Brazil DM 25 Sandro 14/15 Tottenham Hotspur €7.50m
100%
Arrivals Germany ST 24 Sebastian Polter 15/16 Mainz €2.30m
100%
Departures Germany ST 25 Sebastian Polter 16/17 Union Berlin €1.60m
100%
Arrivals England RW 29 Shaun Wright-Phillips 11/12 Manchester City €4.50m
100%
Arrivals Cameroon DM 26 Stéphane Mbia 12/13 Marseille €6.00m
100%
Arrivals Sierra Leone CB 22 Steven Caulker 14/15 Cardiff City €10.75m
100%
Departures Sierra Leone CB 23 Steven Caulker 15/16 Southampton €1.70m
100%
Arrivals England LW 30 Tommy Smith 10/11 Portsmouth €1.88m
100%
Arrivals England GK 24 Alex McCarthy 14/15 Reading €3.80m
50%
Departures England GK 25 Alex McCarthy 15/16 Crystal Palace €4.90m
50%
Arrivals England CM 22 Andre Dozzell 21/22 Ipswich Town €1.15m
50%
Departures England RM 25 Andy Impey 97/98 West Ham United €1.68m
50%
Departures England LM 27 Andy Sinton 93/94 Sheffield Wednesday €3.35m
50%
Departures United States ST 23 Charlie Kelman 25/26 Charlton Athletic €3.50m
50%
Departures England ST 19 Clive Allen 80/81 Arsenal €1.40m
50%
Departures Ireland CB 27 Damien Delaney 09/10 Ipswich Town €1.10m
50%
Departures Nigeria CB 25 Danny Shittu 06/07 Watford €2.40m
50%
Departures England RB 27 Danny Simpson 14/15 Leicester City €2.50m
50%
Departures England RB 23 Darnell Furlong 19/20 West Bromwich Albion €1.70m
50%
Departures England CB 26 Darren Peacock 93/94 Newcastle United €5.00m
50%
Departures England GK 26 David Seaman 89/90 Arsenal €2.00m
50%
Departures England AM 22 Eberechi Eze 20/21 Crystal Palace €17.80m
50%
Arrivals England LB 20 Jack Robinson 14/15 Liverpool €1.25m
50%
Arrivals England RB 29 James Perch 15/16 Wigan Athletic €1.40m
50%
Arrivals Wales CB 28 Joel Lynch 16/17 Huddersfield Town €1.45m
50%
Arrivals Martinique CM 22 Jonathan Varane 24/25 Sporting Gijón €1.53m
50%
Arrivals Jamaica CM 22 Jordan Cousins 16/17 Charlton Athletic €1.50m
50%
Arrivals United States GK 26 Juergen Sommer 95/96 Luton Town €1.00m
50%
Arrivals England RW 22 Karamoko Dembélé 25/26 Stade Brestois €2.00m
50%
Arrivals England DM 30 Karl Henry 13/14 Wolverhampton Wanderers €1.20m
50%
Departures Latvia CB 29 Kaspars Gorkšs 11/12 Reading €1.00m
50%
Departures England ST 28 Les Ferdinand 95/96 Newcastle United €9.50m
50%
Departures England AM 27 Luke Freeman 19/20 Sheffield United €5.60m
50%
Arrivals Zimbabwe ST 24 Macauley Bonne 20/21 Charlton Athletic €2.20m
50%
Arrivals England ST 33 Mark Hateley 95/96 Rangers €1.75m
50%
Arrivals Chile RB 26 Mauricio Isla 14/15 Juventus €1.20m
50%
Arrivals Australia DM 23 Ned Zelic 95/96 Borussia Dortmund €1.40m
50%
Arrivals Denmark CM 24 Nicolas Madsen 24/25 Westerlo €4.00m
50%
Departures Scotland CM 19 Nigel Quashie 98/99 Nottingham Forest €3.75m
50%
Departures England ST 20 Paul Goddard 80/81 West Ham United €1.00m
50%
Departures England RB 27 Paul Parker 91/92 Manchester United €2.43m
50%
Departures England ST 20 Peter Crouch 01/02 Portsmouth €2.25m
50%
Arrivals England CB 24 Robert Dickie 20/21 Oxford United €2.70m
50%
Arrivals Mali DM 23 Samba Diakité 12/13 Nancy €4.00m
50%
Departures Senegal GK 28 Seny Dieng 23/24 Middlesbrough €2.30m
50%
Arrivals England CM 23 Simon Osborn 95/96 Reading €1.65m
50%
Departures England CM 23 Simon Osborn 95/96 Wolverhampton Wanderers €1.50m
50%
Arrivals Suriname AM 27 Tjaronn Chery 15/16 Groningen €2.34m
50%
Departures Suriname AM 28 Tjaronn Chery 16/17 Guizhou Hengfeng Zhicheng €2.65m
50%
Departures England LW 24 Trevor Sinclair 97/98 West Ham United €3.05m
50%
Departures England RW 25 Wayne Routledge 09/10 Newcastle United €2.00m
50%
Arrivals Slovenia ST 25 Žan Celar 24/25 Lugano €2.00m
50%
Arrivals Poland DM 24 Ariel Borysiuk 16/17 Legia Warsaw €1.80m
0%
Departures England RB 29 Bradley Orr 11/12 Blackburn Rovers €1.80m
0%
Arrivals England CB 27 Fitz Hall 07/08 Wigan Athletic €4.00m
0%
Arrivals Guinea ST 25 Idrissa Sylla 16/17 Anderlecht €3.00m
0%
Departures Scotland RW 27 Jamie Mackie 13/14 Nottingham Forest €1.15m
0%
Departures England RW 18 Josh Bowler 17/18 Everton €1.70m
0%
Arrivals Antigua & Barbuda CM 24 Mikele Leigertwood 07/08 Sheffield United €1.35m
0%
Arrivals Poland RM 24 Paweł Wszołek 16/17 Hellas Verona €2.00m
0%
Arrivals England ST 25 Rowan Vine 07/08 Birmingham City €1.50m
0%
Departures Ireland ST 21 Sinclair Armstrong 24/25 Bristol City €2.95m
0%
No matching quizzes found
Score Distribution
Percent of People with Each Score
Percentile by Number Answered
Your Score History
You have not taken this quiz since the last reset